Logiciels informatiques en images - Statistiques

Statistiques générales
  • Ce quiz a été pris 718 fois
  • Le résultat moyen est 9 sur 15
Statistiques - réponses
Par images Réponse % Correct
Google Chrome
99%
Mozilla Firefox
99%
Internet Explorer
93%
Safari
88%
Opera
83%
VLC media player
82%
Linux
76%
Microsoft Edge
73%
Twitter
65%
Linux Ubuntu
47%
Vivaldi
24%
Mozilla Thunderbird
21%
Writer
18%
Calc
17%
Impress
8%
Aucun quiz correspondant
Distribution des résultats
% des personnes avec chaque résultat
Percentile par nombre de réponses
Votre historique - résultats
Vous n’avez pas pris ce quiz